शुभदाः बड़ी दीदी (Record no. 6502)

MARC details
000 -LEADER
fixed length control field 01442 a2200253 4500
005 - DATE AND TIME OF LATEST TRANSACTION
control field 20080911154617.0
008 - FIXED-LENGTH DATA ELEMENTS--GENERAL INFORMATION
fixed length control field 080911t xxu||||| |||| 00| 0 hin d
010 ## - LIBRARY OF CONGRESS CONTROL NUMBER
LC control number HIN-80628
020 ## - INTERNATIONAL STANDARD BOOK NUMBER
Terms of availability 85.00
International Standard Book Number 9788189424176
035 ## - SYSTEM CONTROL NUMBER
System control number HN-52974
037 ## - SOURCE OF ACQUISITION
Source of stock number/acquisition D.B.Act / pub
082 ## - DEWEY DECIMAL CLASSIFICATION NUMBER
Classification number
100 ## - MAIN ENTRY--PERSONAL NAME
Personal name चट्टोपाध्याय, शरतचन्द्र
245 ## - TITLE STATEMENT
Title शुभदाः बड़ी दीदी
Statement of responsibility, etc शरतचन्द्र चट्टोपाध्याय;संपादक ओमप्रकाश शर्मा
246 ## - VARYING FORM OF TITLE
Title proper/short title Shubhada&Bari Deedee
Remainder of title by Sharat Chandra Chattopadhyay;Ed by Omprakash Sharma
260 ## - PUBLICATION, DISTRIBUTION, ETC. (IMPRINT)
Place of publication, distribution, etc जयपुर
Name of publisher, distributor, etc साहित्य चन्द्रिका प्रकाशन
Date of publication, distribution, etc 2007
270 ## - ADDRESS
Address 24,न्यू पिंकसिटी मार्केट, सिद्धेश्वर मंदिर के पीछे, पंचवटी,राजापार्क
City जयपुर
300 ## - PHYSICAL DESCRIPTION
Extent 148,43पृ
Dimensions 22सेमी (अजिल्द)
490 ## - SERIES STATEMENT
Series statement (शरत साहित्य)
500 ## - GENERAL NOTE
General note दो उपन्यास
700 ## - ADDED ENTRY--PERSONAL NAME
Personal name शर्मा, ओमप्रकाश
942 ## - ADDED ENTRY ELEMENTS (KOHA)
Institution code [OBSOLETE] dpl
Koha item type Hindi Books
Call number prefix उ / चट्टोपा
Source of classification or shelving scheme Dewey Decimal Classification
Classification part
Call number suffix चट्टोपा
Holdings
Withdrawn status Lost status Damaged status Not for loan Home library Current library Date acquired Cost, normal purchase price Total Checkouts Full call number Barcode Date last seen Copy number Uniform Resource Identifier Cost, replacement price Price effective from Koha item type
        D.B.Act.Division D.B.Act.Division 11/09/2008 85.00   उ चट्टोपा HN-52974 15/09/2008 1 6991 85.00 15/09/2008 Hindi Books

© Delhi Public Library
Hit Counter
free hit counter